000 00800nam a2200253 i 4500
001 18214
003 ES-MaACL
005 20230906151801.0
007 t|
008 010823s2001 sp ||||1| spa d
020 _a84-88719-07-8
080 _a396(=999.5:460)
110 2 _aEquipo Barañí.
_93482
245 1 0 _aMujeres gitanas y sistema penal /
_cEquipo Barañí: Gabriela Hernández... [et al.].
260 _a[S.l.] :
_bMETYEL,
_c[2001]
300 _a327 p. ;
_c24 cm.
490 1 _aBiblioteca de temas gitanos y afines
504 _aBibliografía: p. 314-327.
650 1 4 _aMujeres gitanas-
_zEspaña.
_915344
700 1 _aHernández, Gabriela.
_962817
830 0 _aBiblioteca de temas gitanos y afines
_9228781
852 _aES-MaACL
_jL-24891
_bR.129862
999 _c18214
_d18214